000
00271nam a2200109Ia 4500
008
200302s9999 xx 000 0 und d
100
_a
Charles W. Moore & Jane Lidz
245
_a
Water + Architecure
260
_b
Thames and Hudson Ltd.
260
_c
1994
300
_a
224 P.,
999
_c
1188
_d
1188